| 000 | 00607nam a2200229Ia 4500 | ||
|---|---|---|---|
| 003 | OSt | ||
| 005 | 20220912153035.0 | ||
| 006 | a|||||r|||| 00| 0 | ||
| 007 | ta | ||
| 008 | 220909b |||||||| |||| 00| 0 eng d | ||
| 024 | _a24385 | ||
| 037 | _cTextual | ||
| 040 |
_aCSL _beng _cCSL |
||
| 041 | _aeng | ||
| 082 | _aB33p1,N87, M9 | ||
| 100 | _aDaeermos (C M),etc Ed. | ||
| 245 | 0 | _aDifferential ewuation/ Lecture notes in pure and applied mathematics | |
| 260 | _c1989 | ||
| 300 |
_ap. _ccm. |
||
| 942 |
_hB33p1,N87, M9 _cTEXL _2CC |
||
| 999 |
_c96923 _d96923 |
||